| 000 | 01374nam a2200265Ia 4500 | ||
|---|---|---|---|
| 999 |
_c53512 _d53512 |
||
| 001 | 20558 | ||
| 003 | GE_BSU | ||
| 005 | 20210218233728.0 | ||
| 008 | 181216s2013||||ge |||||||||||||| ||geo|| | ||
| 020 | _a9789941059360 | ||
| 040 | _cGE_BSU | ||
| 041 | _ageo | ||
| 080 | _a616.31-089.5 წ-56 | ||
| 100 |
_aწილოსანი, ნ. _910147 |
||
| 245 |
_aადგილობრივი გაუტკივარება ამბულატორულ სტომატოლოგიაში : _bსახელმძღვ. სტომატოლ. სპეც. სტუდენტებისა და რეზიდენტებისთვის / _cნ. წილოსანი, მ. შაქარაშვილი. |
||
| 264 |
_aთბილისი : _bგროგოლ რობაქიძის უნ-ტი, _c2013. |
||
| 300 |
_a148 გვ. : _b ილ., _c23 სმ. _eცხრ. |
||
| 504 | _aბიბლიოგრ. : გვ. 141-144 + CD | ||
| 541 | _h30 ლ. | ||
| 653 | _aადგილობრივი გაუტკივარება ამბულატორულ სტომატოლოგიაში | ||
| 653 | _aმედიცინა | ||
| 653 | _aსტომატოლოგია | ||
| 700 |
_aშაქარაშვილი, მ. _eავტორი _910148 |
||
| 942 |
_cBK _2udc |
||